History of the east Africa 1592-1902 (Record no. 1228220)

MARC details
000 -LEADER
fixed length control field 00646nam a2200229Ia 4500
005 - DATE AND TIME OF LATEST TRANSACTION
control field 20241129110938.0
008 - FIXED-LENGTH DATA ELEMENTS--GENERAL INFORMATION
fixed length control field 241129s9999||||xx |||||||||||||| ||und||
020 ## - INTERNATIONAL STANDARD BOOK NUMBER
International Standard Book Number 9781350183599
037 ## - SOURCE OF ACQUISITION
Stock number TB
040 ## - CATALOGING SOURCE
Original cataloging agency CRL
Language of cataloging eng
Transcribing agency CRL
041 ## - LANGUAGE CODE
Language code of text/sound track or separate title eng
Source of code eng
084 ## - COLON CLASSIFICATION NUMBER
Classification number V61.N N6
Assigning agency CRL
100 ## - MAIN ENTRY--PERSONAL NAME
Personal name Beachey R. W. Au.
9 (RLIN) 722895
245 #0 - TITLE STATEMENT
Title History of the east Africa 1592-1902
Statement of responsibility, etc. Beachey R. W. Au.
260 ## - PUBLICATION, DISTRIBUTION, ETC.
Place of publication, distribution, etc. London, UK
Name of publisher, distributor, etc. Bloomsbury
Date of publication, distribution, etc. 2021
300 ## - PHYSICAL DESCRIPTION
Extent xxxi,464p.
365 ## - TRADE PRICE
Price type code UKP
Price amount 28.99
490 ## - SERIES STATEMENT
Series statement International library of African studies
650 ## - SUBJECT ADDED ENTRY--TOPICAL TERM
Topical term or geographic name entry element Africa History
942 ## - ADDED ENTRY ELEMENTS (KOHA)
Koha item type Textbook
Classification part V61.N N6
Holdings
Withdrawn status Lost status Damaged status Not for loan Home library Current library Date acquired Source of acquisition Cost, normal purchase price Inventory number Total Checkouts Full call number Barcode Date last seen Price effective from Koha item type
        Central Library Central Library 2024-11-29 Shivam Book Service 28.99 924 & 03/01/2023   V61.N N6 CL1679016 2024-11-29 2024-11-29 Textbook
Copyright @ Delhi University Library System